000 00515nam a2200217Ia 4500
003 OSt
005 20220924134507.0
006 a|||||r|||| 00| 0
007 ta
008 220923b |||||||| |||| 00| 0 snd d
024 _a274203
037 _cTextual
040 _aARTS
_cARTS
_bsnd
041 _2snd
_asnd
082 _aT15, 1593F8
100 _aPherwali
_9208537
245 0 _aDecrali School
260 _c1928
942 _hT15, 1593F8
_cTEXL
_2CC
999 _c437452
_d437452